Представление документа в формате MARC21

ПолеНазваниеЗначение
  Тип записи a
  Библиографический уровень m
001 Контрольный номер RU\infra-m\znanium\bibl\2225441
005 Дата корректировки 20260429142322.7
008 Кодируемые данные 251208s2025 RU g rus u
020 Индекс ISBN __
a ISBN 978-5-16-009287-4
020 Индекс ISBN __
a ISBN 978-5-16-114137-3 (электр. издание)
040 Источник каталогиз. __
a Служба первич. каталог. Общество с ограниченной ответственностью «ЗНАНИУМ»
041 Код языка издания __
a Код языка текста rus
044 Код страны публикации __
a Код страны публикации RU
080 Индекс УДК __
a Индекс УДК 616-08(085.4)
084 Индекс другой классификации/Индекс ББК __
2 Источник индекса rubbk
a Индекс другой классификации/Индекс ББК 5
084 Индекс другой классификации/Индекс ББК __
2 Источник индекса okso
a Индекс другой классификации/Индекс ББК 31.05.01
084 Индекс другой классификации/Индекс ББК __
2 Источник индекса okso
a Индекс другой классификации/Индекс ББК 31.06.01
084 Индекс другой классификации/Индекс ББК __
2 Источник индекса okso
a Индекс другой классификации/Индекс ББК 31.07.01
084 Индекс другой классификации/Индекс ББК __
2 Источник индекса okso
a Индекс другой классификации/Индекс ББК 31.08.07
084 Индекс другой классификации/Индекс ББК __
2 Источник индекса okso
a Индекс другой классификации/Индекс ББК 31.08.36
084 Индекс другой классификации/Индекс ББК __
2 Источник индекса okso
a Индекс другой классификации/Индекс ББК 34.03.01
100 Автор __
a Автор Титов В.Н.
q Полное имя Титов Владимир Николаевич
u Дополнение Российский кардиологический научно-производственный комплекс
245 Заглавие __
a Заглавие Филогенетическая теория общей патологии. Патогенез метаболических пандемий. Артериальная гипертония
b Продолж. заглавия Монография
c Ответственность Российский кардиологический научно-производственный комплекс
250 Сведения об издании __
a Основные сведения об издании 1
260 Выходные данные __
a Место издания Москва
b Издательство ООО "Научно-издательский центр ИНФРА-М"
c Дата издания 2026
300 Физическое описание __
a Объем 204 с.
440 Серия __
a Серия Научная мысль
520 Аннотация __
a Аннотация Новый биологически обоснованный филогенетический подход к формированию единого алгоритма патогенеза заболеваний проясняет диагностическое значение таких неспецифичных тестов патологических процессов как биологическая реакция воспаления метаболическая артериальная (эссенциальная) гипертония синдром резистентности к инсулину жировая инфильтрация печени и гипертермия. Филогенетическая теория общей патологии предлагает рассматривать афизиологичные (патологические) процессы с позиций нарушения биологических функций и реакций. Теория обосновывает формирование в филогенезе трех уровней регуляции метаболизма in vivo: аутокинного (на уровне клетки) уровня паракринных сообществ и органов и уровня организма. Все метаболические пандемии являются нарушениями биологических функций и каждую из них следует рассматривать в аспекте становления на ступенях филогенеза. Изменение восприятия патогенеза заболеваний дает возможность обсуждать и иные подходы к лечению а самое главное - к профилактике болезней цивилизации. Книга предназначена для студентов медицинских факультетов университетов научных работников и клиницистов а также биологов физиологов и клинических биохимиков.
521 Примеч. о цел. назн. __
a Примеч. о целев. назн. Дополнительное профессиональное образование
650 Тематические рубрики __
a Основная рубрика Медицина. Фармакология
x Основная подрубрика Клиническая медицина в целом
655 Указ. предметных рубрик (устаревшее) __
a Жанр/ форма (устаревшее) Монография
856 Электронный адрес документа 4_
a Имя сервера/домена znanium.ru
m Помощь ebs_support@infra-m.ru
n Местонахождение сервера НИЦ ИНФРА-М
u URL https://znanium.ru/catalog/document?id=470286
856 Электронный адрес документа 48
a Имя сервера/домена znanium.ru
d Путь /cover/2225
f Электронное имя 2225441.jpg
q Тип электронного формата image/jpeg
u URL https://znanium.ru/cover/2225/2225441.jpg
911 __
u 0030=https://znanium.ru/catalog/document?id=470286